| 000 | 02401nam a22002897a 4500 | ||
|---|---|---|---|
| 003 | UA-OsUOA | ||
| 001 | 68048 | ||
| 007 | ta | ||
| 008 | 20100326b un ||||| |||| 00| 0 ukr d | ||
| 100 | _aШульженко Ф. П. | ||
| 090 |
_a340.1(477) _bШ95 |
||
| 942 | _cBK | ||
| 040 |
_aUA-OsUOA _bukr _cUA-OsUOA _dUA-OsUOA |
||
| 245 |
_aСоціально-правова держава в Україні: проблеми становлення та модернізації _bМонографія |
||
| 300 | _a392 с. | ||
| 955 | _a2 | ||
| 041 | _aukr | ||
| 080 | _a340.1(477) | ||
| 020 | _a966-574-999-4 | ||
| 520 | 3 | _aУ монографії з застосуванням сучасних методів пізнання соціальної дійсності комплексно досліджується генеза, сутність та особливості теоретичних концепцій соціально-правової держави та світова практика реалізації цього суспільного ідеалу як однієї з н | |
| 520 | 3 | _aайдосконаліших форм політичної організації громадянського суспільства, визначаються загальні та особливі риси таких держав, здійснюється їх гипологізація. На основі філософсько-правової рефлексії процесів трансформації перехідного українського суспіль | |
| 520 | 3 | _aства розглядаються теоретичні та практичні проблеми становлення державності соціального і правового характеру в Україні в контексті світового модернізаційного процесу.Призначена для науковців, викладачів вищих навчальних закладів, політиків, працівн | |
| 520 | 3 | _aиків сфери державного управління і місцевого самоврядування. | |
| 260 |
_aК. _bКНЕУ _c2007 |
||
| 650 | 7 |
_a340 Право в цілому. Пропедевтика. Методи та допоміжні правничі науки _2UDC |
|
| 999 |
_c354178 _d354178 |
||